[Event "Serbia op-A"]
[Site "Belgrade"]
[Date "2025.07.17"]
[Round "4"]
[White "Alexandri, Dimitra"]
[Black "Andrijevic, Milan"]
[Result "1/2-1/2"]
[WhiteElo "1972"]
[BlackElo "2112"]
[PlyCount "85"]
[EventDate "2025.07.14"]
[EventType "swiss"]
[EventRounds "9"]
[EventCountry "SRB"]
[SourceTitle "CB30_2025"]
[SourceDate "2025.07.23"]
[SourceVersion "1"]
[SourceVersionDate "2025.07.23"]
[SourceQuality "1"]

1. d4 d5 2. c4 e6 3. Nc3 Nf6 4. cxd5 exd5 5. Bg5 Be7 6. e3 0-0 7. Bd3 c6 8. h3 Nbd7 9. Qc2 Re8 10. Nf3 Nf8 11. Bf4 Be6 12. 0-0 a6 13. Rab1 Ng6 14. Bh2 Bd6 15. Bxd6 Qxd6 16. Rfc1 Nd7 17. b4 Rac8 18. Na4 Ngf8 19. Nc5 Nxc5 20. bxc5 Qe7 21. Rb6 g6 22. Rcb1 Rc7 23. Nd2 Bc8 24. Nb3 Ne6 25. Na5 Nd8 26. Kh2 Qh4 27. Qe2 Kg7 28. Qf3 Ree7 29. R6b4 Re6 30. Qg3 Qxg3+ 31. Kxg3 f5 32. Bc2 Rf7 33. R1b3 g5 34. f4 h6 35. Kf3 gxf4 36. exf4 Re1 37. Re3 Rxe3+ 38. Kxe3 Re7+ 39. Kf2 Kf6 40. g3 Ne6 41. Bb1 Nd8 42. Bc2 Be6 43. Rb1 1/2-1/2

[Event "Serbia op-A"]
[Site "Belgrade"]
[Date "2025.07.14"]
[Round "3"]
[White "Grapsa, Georgia"]
[Black "Alexandri, Dimitra"]
[Result "1/2-1/2"]
[WhiteElo "2085"]
[BlackElo "1972"]
[PlyCount "71"]
[EventDate "2025.07.14"]
[EventType "swiss"]
[EventRounds "9"]
[EventCountry "SRB"]
[SourceTitle "CB30_2025"]
[SourceDate "2025.07.23"]
[SourceVersion "1"]
[SourceVersionDate "2025.07.23"]
[SourceQuality "1"]

1. d4 Nf6 2. c4 g6 3. Nf3 Bg7 4. g3 0-0 5. Nc3 d6 6. Bg2 Nbd7 7. 0-0 e5 8. e4 Re8 9. h3 exd4 10. Nxd4 a6 11. Be3 Rb8 12. Rc1 Qe7 13. Re1 c5 14. Nf3 b5 15. Bf4 Rb6 16. Nd5 Nxd5 17. exd5 Qf8 18. b3 Nf6 19. Nd2 b4 20. g4 a5 21. Qf3 h6 22. Rxe8 Qxe8 23. Kf1 g5 24. Re1 Qd8 25. Bg3 Ra6 26. Ne4 Nxe4 27. Qxe4 Kf8 28. Bf3 Bd7 29. Bd1 Bc3 30. Re3 Qf6 31. Bc2 Bd4 32. Rf3 Qg7 33. h4 Rb6 34. h5 Ra6 35. Kg2 Rb6 36. Kf1 1/2-1/2

[Event "GRE-chT 52nd"]
[Site "Loutraki"]
[Date "2025.07.01"]
[Round "4.7"]
[White "Chasouraki, Chrysi"]
[Black "Alexandri, Dimitra"]
[Result "0-1"]
[WhiteElo "1945"]
[BlackElo "1972"]
[PlyCount "72"]
[EventDate "2025.06.28"]
[EventType "team-swiss"]
[EventRounds "7"]
[EventCountry "GRE"]
[SourceTitle "CB28_2025"]
[SourceDate "2025.07.09"]
[SourceVersion "1"]
[SourceVersionDate "2025.07.09"]
[SourceQuality "1"]
[WhiteTeam "Irakleiou"]
[BlackTeam "OFI"]
[WhiteTeamCountry "GRE"]
[BlackTeamCountry "GRE"]

1. e4 c5 2. Nf3 d6 3. d4 cxd4 4. Nxd4 Nf6 5. Nc3 a6 6. Nb3 e6 7. g4 h6 8. Be3 Be7 9. Qe2 Nbd7 10. f4 b5 11. a3 Bb7 12. Bg2 e5 13. f5 Rc8 14. Bf2 Rxc3 15. bxc3 Qc7 16. 0-0 Qxc3 17. a4 Qc4 18. Qxc4 bxc4 19. Na5 Bxe4 20. Bxe4 Nxe4 21. Nxc4 0-0 22. Ne3 Ndf6 23. c4 Rc8 24. Rfd1 Bd8 25. h3 Bb6 26. Rdc1 Bd4 27. Ra2 Nc3 28. Rac2 Nxa4 29. Nf1 Nc5 30. Rd1 Bxf2+ 31. Kxf2 Nce4+ 32. Ke3 d5 33. Rdc1 d4+ 34. Kf3 Nc5 35. Ra2 e4+ 36. Kf2 Nd3+ 0-1

[Event "GRE-chT 52nd"]
[Site "Loutraki"]
[Date "2025.06.28"]
[Round "1.27"]
[White "Psarianou, Eleni"]
[Black "Alexandri, Dimitra"]
[Result "1/2-1/2"]
[WhiteElo "1770"]
[BlackElo "1972"]
[PlyCount "132"]
[EventDate "2025.06.28"]
[EventType "team-swiss"]
[EventRounds "7"]
[EventCountry "GRE"]
[SourceTitle "CB28_2025"]
[SourceDate "2025.07.09"]
[SourceVersion "1"]
[SourceVersionDate "2025.07.09"]
[SourceQuality "1"]
[WhiteTeam "Chania SA"]
[BlackTeam "OFI"]
[WhiteTeamCountry "GRE"]
[BlackTeamCountry "GRE"]

1. Nf3 Nf6 2. g3 g6 3. Bg2 Bg7 4. 0-0 d6 5. d4 0-0 6. Re1 Nbd7 7. e4 e5 8. Nc3 c6 9. a4 a5 10. h3 Qc7 11. Be3 exd4 12. Bxd4 Re8 13. Qd2 Ne5 14. b3 Nxf3+ 15. Bxf3 Bxh3 16. Kh2 Be6 17. Rad1 Rad8 18. Qe3 Nd7 19. Bxg7 Kxg7 20. Ne2 Ne5 21. Qc3 Kg8 22. Nd4 Qb6 23. Kg2 Bc8 24. Qd2 Nxf3 25. Nxf3 f6 26. Qf4 Qc5 27. Qxf6 Rf8 28. Qd4 Qh5 29. Ng1 Bg4 30. Rd3 d5 31. e5 Rde8 32. f3 Be6 33. Qh4 Qf5 34. Nh3 Qxh3+ 35. Qxh3 Bxh3+ 36. Kxh3 Kf7 37. Rd4 Ke6 38. f4 Rf7 39. Kg2 Rc8 40. c4 Rd7 41. Red1 Rcc7 42. Kf3 Rc8 43. c5 Ra8 44. Ke3 g5 45. Rh1 Rg8 46. Rh6+ Rg6 47. Rxg6+ hxg6 48. b4 gxf4+ 49. gxf4 axb4 50. Rxb4 g5 51. fxg5 Kxe5 52. a5 Rg7 53. Kd3 Rxg5 54. Rxb7 Rg3+ 55. Kc2 Ra3 56. Rb6 Rxa5 57. Rxc6 Kd4 58. Rc8 Rxc5+ 59. Rxc5 Kxc5 60. Kc3 d4+ 61. Kd3 Kd5 62. Kd2 Ke4 63. Ke2 d3+ 64. Kd1 Ke3 65. Ke1 d2+ 66. Kd1 Kd3 1/2-1/2

[Event "EU-ch (Women) 25th"]
[Site "Rhodes"]
[Date "2025.04.10"]
[Round "10"]
[White "Alexandri, Dimitra"]
[Black "Saraci, Ndriqona"]
[Result "1-0"]
[WhiteElo "1995"]
[BlackElo "1692"]
[PlyCount "75"]
[EventDate "2025.03.31"]
[EventType "swiss"]
[EventRounds "11"]
[EventCountry "GRE"]
[SourceTitle "CB16_2025"]
[SourceDate "2025.04.16"]
[SourceVersion "1"]
[SourceVersionDate "2025.04.16"]
[SourceQuality "1"]

1. d4 Nf6 2. c4 e6 3. Nc3 d5 4. cxd5 exd5 5. Bg5 Be7 6. e3 c6 7. Bd3 Nbd7 8. Nge2 Nh5 9. Bxe7 Qxe7 10. Qc2 g6 11. 0-0-0 Ng7 12. Nf4 Nb6 13. h4 h5 14. Rde1 Bf5 15. e4 dxe4 16. Bxe4 Bxe4 17. Rxe4 Ne6 18. Rhe1 0-0-0 19. d5 Nxd5 20. Ncxd5 Qc5 21. Nxe6 Qxc2+ 22. Kxc2 Rxd5 23. Ng5 Rhd8 24. Nf3 Rc5+ 25. Kb1 f6 26. Re8 Rxe8 27. Rxe8+ Kd7 28. Rg8 Rd5 29. Rxg6 Ke6 30. Kc2 a5 31. Rg7 b5 32. Ne1 c5 33. Nd3 Kf5 34. g3 c4 35. Nf4 Rc5 36. Nxh5 Ke4 37. Nxf6+ Kf3 38. Rg5 1-0

[Event "EU-ch (Women) 25th"]
[Site "Rhodes"]
[Date "2025.04.09"]
[Round "9"]
[White "Alexandri, Dimitra"]
[Black "Nahapetyan, Ani"]
[Result "0-1"]
[WhiteElo "1995"]
[BlackElo "1887"]
[PlyCount "142"]
[EventDate "2025.03.31"]
[EventType "swiss"]
[EventRounds "11"]
[EventCountry "GRE"]
[SourceTitle "CB16_2025"]
[SourceDate "2025.04.16"]
[SourceVersion "1"]
[SourceVersionDate "2025.04.16"]
[SourceQuality "1"]

1. e4 c5 2. Nf3 d6 3. d4 cxd4 4. Nxd4 Nf6 5. Nc3 a6 6. Bc4 e6 7. Bb3 b5 8. 0-0 Be7 9. Qf3 Qc7 10. Re1 0-0 11. Qg3 Nc6 12. Nxc6 Qxc6 13. Bh6 Ne8 14. a4 b4 15. Na2 Rb8 16. Nc1 Kh8 17. Bd2 Nf6 18. f3 a5 19. Nd3 Ba6 20. e5 Nd7 21. exd6 Bxd6 22. Bf4 Bxf4 23. Nxf4 Nc5 24. Nh5 Rg8 25. Qe5 Rbc8 26. Kh1 Nxb3 27. cxb3 Qc5 28. Ng3 Bb7 29. Qf4 Qc7 30. Qe3 Rgd8 31. Rac1 Qd7 32. Rxc8 Rxc8 33. Qa7 h6 34. Qxa5 Qd2 35. Qe5 Rc2 36. Qe2 Qxe2 37. Nxe2 Rxb2 38. Nc1 Bd5 39. h3 Rb1 40. Rg1 Kg8 41. a5 Kf8 42. a6 Ke7 43. a7 Kd6 44. Ne2 Rxg1+ 45. Kxg1 Kc7 46. Nf4 Kb7 47. Nd3 Kxa7 48. Nxb4 Bxb3 49. Kf2 Kb6 50. Nd3 f6 51. Nf4 g5 52. Nh5 f5 53. g4 f4 54. Nf6 Kc6 55. Ne4 Kd5 56. Nc3+ Kd4 57. Nb5+ Kd3 58. Nd6 e5 59. Ne4 Kd4 60. Nd6 Kd5 61. Ne4 Bc2 62. Nf6+ Ke6 63. Ne8 Bd3 64. Nc7+ Kd6 65. Ne8+ Ke7 66. Nc7 Bc4 67. Na8 Kd8 68. Nb6 Bb3 69. Ke2 Kc7 70. Na8+ Kb7 71. Kd3 Bd5 0-1

[Event "EU-ch (Women) 25th"]
[Site "Rhodes"]
[Date "2025.04.08"]
[Round "8"]
[White "Rida, Ruqayyah"]
[Black "Alexandri, Dimitra"]
[Result "1-0"]
[WhiteElo "2065"]
[BlackElo "1995"]
[PlyCount "69"]
[EventDate "2025.03.31"]
[EventType "swiss"]
[EventRounds "11"]
[EventCountry "GRE"]
[SourceTitle "CB16_2025"]
[SourceDate "2025.04.16"]
[SourceVersion "1"]
[SourceVersionDate "2025.04.16"]
[SourceQuality "1"]

1. e4 c5 2. Nf3 d6 3. d4 cxd4 4. Nxd4 Nf6 5. Nc3 a6 6. f3 e5 7. Nb3 Be6 8. Be3 Be7 9. Qd2 0-0 10. 0-0-0 a5 11. a4 Nc6 12. g4 Nb4 13. Kb1 Rc8 14. g5 Nh5 15. Rg1 f5 16. gxf6 Rxf6 17. Bg5 Rxf3 18. Qe2 Rfxc3 19. bxc3 Rxc3 20. Bxe7 Qxe7 21. Qxh5 Bxb3 22. cxb3 Rxb3+ 23. Ka1 Nc2+ 24. Ka2 Ra3+ 25. Kb2 d5 26. Rxg7+ Kxg7 27. Qg4+ Kh6 28. exd5 Qc7 29. Qc4 Qb6+ 30. Kxc2 Qf2+ 31. Rd2 Qe1 32. d6 Ra1 33. Qe6+ Kg5 34. Rg2+ Kf4 35. Qg4+ 1-0

[Event "EU-ch (Women) 25th"]
[Site "Rhodes"]
[Date "2025.04.05"]
[Round "6"]
[White "Alexandri, Dimitra"]
[Black "Nadzamova, Viktoria"]
[Result "1/2-1/2"]
[WhiteElo "1995"]
[BlackElo "2119"]
[PlyCount "70"]
[EventDate "2025.03.31"]
[EventType "swiss"]
[EventRounds "11"]
[EventCountry "GRE"]
[SourceTitle "CB16_2025"]
[SourceDate "2025.04.16"]
[SourceVersion "1"]
[SourceVersionDate "2025.04.16"]
[SourceQuality "1"]

1. d4 Nf6 2. c4 e6 3. Nc3 Bb4 4. e3 b6 5. Nge2 Ne4 6. Bd2 Bxc3 7. Nxc3 Nxd2 8. Qxd2 Bb7 9. Bd3 0-0 10. 0-0 f5 11. f3 d6 12. e4 f4 13. d5 e5 14. b4 Nd7 15. Na4 Rf6 16. c5 Nf8 17. Rfc1 Rh6 18. Qf2 Qe8 19. Nc3 Qh5 20. h3 Ng6 21. Nb5 Nh4 22. Bf1 Rg6 23. Kh2 bxc5 24. bxc5 Bc8 25. Rc3 Rg3 26. Nxc7 Nxg2 27. Bxg2 Bxh3 28. Qxg3 Bxg2+ 29. Kxg2 fxg3 30. Rh1 Qg5 31. Rc2 Rc8 32. cxd6 Qd8 33. Rc6 Qg5 34. Rc2 Qd8 35. Rc6 Qg5 1/2-1/2

[Event "EU-ch (Women) 25th"]
[Site "Rhodes"]
[Date "2025.04.03"]
[Round "4"]
[White "Alexandri, Dimitra"]
[Black "Valkova, Angelika"]
[Result "1-0"]
[WhiteElo "1995"]
[BlackElo "2001"]
[PlyCount "55"]
[EventDate "2025.03.31"]
[EventType "swiss"]
[EventRounds "11"]
[EventCountry "GRE"]
[SourceTitle "CB16_2025"]
[SourceDate "2025.04.16"]
[SourceVersion "1"]
[SourceVersionDate "2025.04.16"]
[SourceQuality "1"]

1. d4 d6 2. e4 Nf6 3. Nc3 e5 4. dxe5 dxe5 5. Qxd8+ Kxd8 6. Nf3 Bd6 7. Bc4 Ke7 8. Bg5 c6 9. 0-0-0 Bc7 10. Rd2 Be6 11. Bxe6 Kxe6 12. Rhd1 Nbd7 13. Be3 b5 14. Ng5+ Ke7 15. Nxf7 Rhf8 16. Nd6 g6 17. Nb7 Bb6 18. Bg5 Kf7 19. Rxd7+ Nxd7 20. Rxd7+ Kg8 21. Nd6 Rxf2 22. Bh6 Kh8 23. Nf7+ Kg8 24. Nxe5 Kh8 25. Ng4 Rf1+ 26. Nd1 Rd8 27. Bg7+ Kg8 28. Nh6# 1-0

[Event "EU-ch (Women) 25th"]
[Site "Rhodes"]
[Date "2025.03.31"]
[Round "1"]
[White "Smietanska, Wiktoria"]
[Black "Alexandri, Dimitra"]
[Result "1-0"]
[WhiteElo "2239"]
[BlackElo "1995"]
[PlyCount "165"]
[EventDate "2025.03.31"]
[EventType "swiss"]
[EventRounds "11"]
[EventCountry "GRE"]
[SourceTitle "CB16_2025"]
[SourceDate "2025.04.16"]
[SourceVersion "1"]
[SourceVersionDate "2025.04.16"]
[SourceQuality "1"]

1. c4 Nf6 2. Nc3 g6 3. d4 Bg7 4. Nf3 0-0 5. e4 d6 6. Be2 e5 7. Be3 Ng4 8. Bg5 f6 9. Bc1 Nc6 10. d5 Ne7 11. h3 Nh6 12. h4 a5 13. h5 g5 14. Nh2 Bd7 15. Be3 Qc8 16. c5 Nf7 17. Rc1 h6 18. Na4 Qe8 19. b3 Qd8 20. Qc2 Rc8 21. Bd2 Bxa4 22. bxa4 dxc5 23. Bg4 b6 24. Bxc8 Qxc8 25. 0-0 Nd6 26. Rfe1 Qe8 27. Qd1 Qf7 28. Ng4 Kh8 29. Qf3 Qe8 30. g3 Qxa4 31. Qd1 Qe8 32. f4 Qxh5 33. fxe5 fxe5 34. Kg2 Qg6 35. Qe2 Kg8 36. Bc3 Nf7 37. Rh1 Nc8 38. Rcf1 Ncd6 39. Nf2 Re8 40. Qg4 Re7 41. Re1 Nb5 42. Bb2 Nfd6 43. Qh5 Qxh5 44. Rxh5 Kh7 45. Ng4 Kg6 46. Rh2 Nd4 47. Bxd4 cxd4 48. Nf2 Nb5 49. Nd1 Na3 50. Kf3 Rf7+ 51. Ke2 b5 52. Nb2 b4 53. Rc1 Nb5 54. Rc6+ Kh7 55. Na4 Rf6 56. Rxf6 Bxf6 57. Kd3 Nc3 58. Nc5 Be7 59. Ne6 Nb5 60. Rc2 Bd6 61. Nc5 Nc3 62. Nb7 Na4 63. Rc6 Nc3 64. Nxa5 Nxa2 65. Nc4 Nc1+ 66. Kd2 Nb3+ 67. Kc2 Nc5 68. Nxd6 cxd6 69. Rxd6 b3+ 70. Kc1 Nxe4 71. Rb6 Nc5 72. d6 Kg8 73. Rb5 b2+ 74. Kxb2 Nd7 75. Rb7 Nc5 76. Rc7 Ne6 77. Re7 Nc5 78. d7 Nb7 79. Kc2 Kf8 80. Rxe5 Kf7 81. Re8 d3+ 82. Kd2 h5 83. Rb8 1-0

[Event "GRE-ch (Women) 46th"]
[Site "Thessaloniki"]
[Date "2024.12.09"]
[Round "8"]
[White "Alexandri, Dimitra"]
[Black "Grapsa, Georgia"]
[Result "1/2-1/2"]
[WhiteElo "2055"]
[BlackElo "2035"]
[PlyCount "54"]
[EventDate "2024.12.02"]
[EventType "tourn"]
[EventRounds "9"]
[EventCountry "GRE"]
[SourceTitle "CB14_2025"]
[SourceDate "2024.11.01"]
[SourceVersion "1"]
[SourceVersionDate "2024.11.01"]
[SourceQuality "1"]

1. e4 c5 2. Nf3 e6 3. d4 cxd4 4. Nxd4 Nc6 5. Nc3 Qc7 6. f4 a6 7. Nxc6 Qxc6 8. Bd3 b5 9. Qe2 Bb7 10. Bd2 Bc5 11. 0-0-0 Ne7 12. a3 0-0 13. h4 f5 14. g4 d5 15. gxf5 exf5 16. exd5 Nxd5 17. Nxd5 Qxd5 18. Rhe1 Qf7 19. Bc3 Rae8 20. Be5 Qa2 21. h5 Bd5 22. h6 g6 23. c3 Qa1+ 24. Kc2 Qa2 25. Kc1 Qa1+ 26. Kc2 Qa2 27. Kc1 Qa1+ 1/2-1/2

[Event "GRE-ch (Women) 46th"]
[Site "Thessaloniki"]
[Date "2024.12.08"]
[Round "7"]
[White "Alexandri, Dimitra"]
[Black "Mihailidou, Magdalini"]
[Result "0-1"]
[WhiteElo "2055"]
[BlackElo "1902"]
[PlyCount "86"]
[EventDate "2024.12.02"]
[EventType "tourn"]
[EventRounds "9"]
[EventCountry "GRE"]
[SourceTitle "CB14_2025"]
[SourceDate "2024.11.01"]
[SourceVersion "1"]
[SourceVersionDate "2024.11.01"]
[SourceQuality "1"]

1. d4 d5 2. c4 e6 3. Nc3 Nf6 4. Nf3 c6 5. e3 Nbd7 6. Qc2 Bd6 7. b3 0-0 8. Be2 Re8 9. 0-0 dxc4 10. bxc4 e5 11. Rd1 Qe7 12. a4 a5 13. Rb1 e4 14. Nd2 Nf8 15. c5 Bc7 16. Nc4 Bf5 17. Ba3 Ng4 18. Nd6 Qh4 19. Bxg4 Bxg4 20. Rdc1 Re6 21. Ncxe4 Rh6 22. h3 Bxh3 23. gxh3 Qxh3 24. Ng3 Re8 25. Ndf5 Rg6 26. Rxb7 Bxg3 27. Nxg3 Rxe3 28. Qxg6 hxg6 29. fxe3 Qxg3+ 30. Kh1 Qh3+ 31. Kg1 Qxe3+ 32. Kg2 Qxa3 33. Rf1 Qa2+ 34. Kg1 Qc4 35. Kg2 Qd5+ 36. Kh2 Nd7 37. Re1 Qxd4 38. Re8+ Kh7 39. Rb3 Qd2+ 40. Kg3 Nxc5 41. Rbb8 Ne4+ 42. Kf3 Qd3+ 43. Kf4 g5+ 0-1

[Event "Wch U14 Girls"]
[Site "Florianopolis"]
[Date "2024.11.08"]
[Round "9"]
[White "Mgeladze, Kesaria"]
[Black "Alexandri, Dimitra"]
[Result "1-0"]
[WhiteElo "2166"]
[BlackElo "2058"]
[PlyCount "77"]
[EventDate "2024.10.29"]
[EventType "swiss"]
[EventRounds "11"]
[EventCountry "BRA"]
[SourceTitle "CB45_2024"]
[Source "ChessBase"]
[SourceDate "2024.11.06"]
[SourceVersion "1"]
[SourceVersionDate "2024.11.06"]
[SourceQuality "1"]

1. e4 c5 2. Nf3 d6 3. d4 cxd4 4. Nxd4 Nf6 5. Nc3 a6 6. f3 e5 7. Nb3 Be6 8. Be3 Be7 9. Qd2 h5 10. Nd5 Nxd5 11. exd5 Bf5 12. Be2 Nd7 13. 0-0 a5 14. a4 0-0 15. f4 exf4 16. Bxf4 Bg6 17. Nd4 Nc5 18. Bf3 Bf6 19. Nb5 Qb6 20. Qf2 Rfd8 21. Be3 Rac8 22. c3 Qa6 23. Be2 Ne4 24. Qe1 Qa8 25. Bd3 Nc5 26. Bxg6 fxg6 27. Rxf6 gxf6 28. Qg3 Kh7 29. Qf4 Rd7 30. Nxd6 Nb3 31. Rf1 Rf8 32. Qh6+ Kg8 33. Ne4 Qe8 34. Nxf6+ Rxf6 35. Rxf6 Rg7 36. d6 Qe4 37. d7 Qb1+ 38. Rf1 Qd3 39. Bd4 1-0

[Event "Wch U14 Girls"]
[Site "Florianopolis"]
[Date "2024.11.05"]
[Round "7"]
[White "Krkyasharyan, Sona"]
[Black "Alexandri, Dimitra"]
[Result "1/2-1/2"]
[WhiteElo "1998"]
[BlackElo "2058"]
[PlyCount "67"]
[EventDate "2024.10.29"]
[EventType "swiss"]
[EventRounds "11"]
[EventCountry "BRA"]
[SourceTitle "CB45_2024"]
[Source "ChessBase"]
[SourceDate "2024.11.06"]
[SourceVersion "1"]
[SourceVersionDate "2024.11.06"]
[SourceQuality "1"]

1. d4 Nf6 2. c4 g6 3. Nc3 Bg7 4. Nf3 0-0 5. g3 c5 6. Bg2 cxd4 7. Nxd4 Nc6 8. Nc2 d6 9. 0-0 Qa5 10. Nd5 Nxd5 11. cxd5 Ne5 12. Bd2 Qb6 13. Bc3 Bd7 14. Rc1 Rac8 15. Ne3 Bh6 16. Qd4 Bxe3 17. Qxe3 Qxe3 18. fxe3 Ng4 19. Bd4 a6 20. Bh3 h5 21. e4 e5 22. Bb6 f5 23. Bxg4 hxg4 24. Rc7 Rxc7 25. Bxc7 Rf6 26. exf5 gxf5 27. e4 Kf8 28. exf5 Ke7 29. h3 Rxf5 30. hxg4 Rg5 31. Kf2 Rxg4 32. Rh1 Bf5 33. Rh6 Rg6 34. Rxg6 1/2-1/2

[Event "Wch U14 Girls"]
[Site "Florianopolis"]
[Date "2024.10.29"]
[Round "1"]
[White "Alexandri, Dimitra"]
[Black "Ramazzotte, Esther Zilli"]
[Result "1-0"]
[WhiteElo "2058"]
[BlackElo "1693"]
[PlyCount "86"]
[EventDate "2024.10.29"]
[EventType "swiss"]
[EventRounds "11"]
[EventCountry "BRA"]
[SourceTitle "CB45_2024"]
[Source "ChessBase"]
[SourceDate "2024.11.06"]
[SourceVersion "1"]
[SourceVersionDate "2024.11.06"]
[SourceQuality "1"]

1. d4 Nf6 2. c4 g6 3. Nc3 d5 4. Qb3 c6 5. cxd5 Nxd5 6. e4 Nxc3 7. bxc3 Bg7 8. Be3 Qa5 9. Bc4 0-0 10. Ne2 c5 11. 0-0 Nc6 12. a4 Qc7 13. Qa2 Na5 14. Rac1 e6 15. d5 Re8 16. Rfd1 Qe5 17. Bb5 Rd8 18. Bxc5 Qxe4 19. Ng3 Qe5 20. Bb4 b6 21. Bc6 Nxc6 22. dxc6 Ba6 23. a5 Rdc8 24. axb6 axb6 25. Bd6 Qg5 26. c7 Bb5 27. Qb2 Ba4 28. Re1 Qa5 29. Qb4 Bf8 30. Bxf8 Rxf8 31. Qd6 Rac8 32. Ne4 Kg7 33. Ra1 Qb5 34. Qd4+ e5 35. Qxa4 Qd5 36. c4 Qe6 37. Ng5 Qf6 38. Nf3 Rfe8 39. Qd7 Qf5 40. Nxe5 Qf6 41. Ng4 Qc3 42. Ne3 Qb4 43. Nc2 Qf8 1-0

[Event "EU-ch (Women) 24th"]
[Site "Rhodes"]
[Date "2024.04.25"]
[Round "6"]
[White "Vardi, Shlomit"]
[Black "Alexandri, Dimitra"]
[Result "0-1"]
[WhiteElo "1906"]
[BlackElo "1979"]
[PlyCount "132"]
[EventDate "2024.04.19"]
[EventType "swiss"]
[EventRounds "10"]
[EventCountry "GRE"]
[SourceTitle "CBM 219 Extra"]
[Source "ChessBase"]
[SourceDate "2024.05.31"]
[SourceVersion "1"]
[SourceVersionDate "2024.05.31"]
[SourceQuality "1"]

1. e4 c5 2. Nc3 a6 3. g3 b5 4. Bg2 Bb7 5. Nh3 e6 6. 0-0 b4 7. Nb1 d5 8. d3 dxe4 9. Nd2 Nf6 10. Ng5 Be7 11. Ngxe4 Nxe4 12. Nxe4 0-0 13. Be3 Qc7 14. f4 f5 15. Nd2 Bd5 16. Qe2 Bf6 17. Nc4 Nd7 18. Rab1 a5 19. g4 fxg4 20. Qxg4 Rae8 21. a4 Nb6 22. Nxb6 Qxb6 23. b3 Qc6 24. Rf2 Rf7 25. Rd1 Bxg2 26. Qxg2 Rc7 27. Qe4 Qd5 28. Qc4 Rcc8 29. Qb5 Bh4 30. Rff1 Qh5 31. Rd2 Bd8 32. Rg2 Kh8 33. d4 Be7 34. Qxa5 Qd5 35. Qb5 c4 36. bxc4 Qxc4 37. Qxc4 Rxc4 38. Ra1 Bf6 39. Rd2 Rc3 40. Bf2 Ra3 41. Rdd1 Rc8 42. a5 Rxc2 43. a6 Rca2 44. Rxa2 Rxa2 45. Rb1 Be7 46. Rc1 h6 47. Rc6 b3 48. Rb6 b2 49. a7 Rxa7 50. Rxb2 Rd7 51. Re2 Bf6 52. Re4 Kg8 53. Kg2 Kf7 54. Kf3 Rd5 55. h4 h5 56. Ke2 Ra5 57. Kf3 Ra3+ 58. Kg2 Rd3 59. Kg1 Kg6 60. Rxe6 Kf5 61. Re5+ Kg4 62. Rg5+ Bxg5 63. fxg5 Kf3 64. Kf1 Rd1+ 65. Be1 Rxd4 66. Bf2 Rd1+ 0-1

[Event "Thessaloniki Vardaris op 7th"]
[Site "Thessaloniki"]
[Date "2024.03.17"]
[Round "5"]
[White "Alexandri, Dimitra"]
[Black "Dogias, Christos"]
[Result "0-1"]
[WhiteElo "1889"]
[BlackElo "2043"]
[PlyCount "82"]
[EventDate "2024.03.14"]
[EventType "swiss"]
[EventRounds "7"]
[EventCountry "GRE"]
[SourceTitle "CBM 219 Extra"]
[Source "ChessBase"]
[SourceDate "2024.05.31"]
[SourceVersion "1"]
[SourceVersionDate "2024.05.31"]
[SourceQuality "1"]

1. d4 d5 2. c4 c6 3. cxd5 cxd5 4. Bf4 Nf6 5. Nc3 Nc6 6. e3 Bf5 7. Qb3 Na5 8. Qa4+ Bd7 9. Qc2 e6 10. Nf3 Rc8 11. Bd3 Bb4 12. 0-0 Nh5 13. Bg5 f6 14. Bh4 g5 15. Bg3 Nxg3 16. hxg3 g4 17. Nh4 f5 18. Rac1 0-0 19. f3 Nc4 20. Qe2 Bd6 21. f4 Qb6 22. Nxf5 exf5 23. Nxd5 Qa5 24. Bxc4 Rxc4 25. Qxc4 Be6 26. Ne7+ Kf7 27. d5 Bd7 28. Nxf5 Bxf5 29. Rfe1 Qb6 30. Qb3 Re8 31. Qxb6 axb6 32. Rc4 b5 33. Rcc1 b4 34. Rc4 Bd3 35. Rd4 Be4 36. Rc1 Kf6 37. Rcc4 Kf5 38. Kf2 b6 39. Rd1 Bc5 40. b3 Rd8 41. d6 Bc6 0-1

[Event "GRE-ch U18 Girls"]
[Site "Athens"]
[Date "2024.01.08"]
[Round "9"]
[White "Miliou, Pinelopi"]
[Black "Alexandri, Dimitra"]
[Result "0-1"]
[WhiteElo "1463"]
[BlackElo "1845"]
[PlyCount "80"]
[EventDate "2024.01.02"]
[EventType "swiss"]
[EventRounds "9"]
[EventCountry "GRE"]
[SourceTitle "EXT 2025"]
[Source "ChessBase"]
[SourceDate "2024.10.14"]
[SourceVersion "1"]
[SourceVersionDate "2024.10.14"]
[SourceQuality "1"]
[WhiteTeam "Griechenland"]
[BlackTeam "Griechenland"]
[WhiteTeamCountry "GRE"]
[BlackTeamCountry "GRE"]

1. c4 g6 2. Nc3 Bg7 3. g3 d6 4. Bg2 c5 5. e3 Nc6 6. Nge2 h5 7. h3 Nh6 8. 0-0 Bd7 9. Rb1 Qc8 10. Kh2 Ne5 11. d3 h4 12. gxh4 Nf5 13. f4 Nxh4 14. Ng1 Nxg2 15. Kxg2 Bxh3+ 16. Nxh3 Qxh3+ 17. Kf2 Ng4+ 18. Ke2 Qg2+ 19. Ke1 Qg3+ 20. Kd2 Rh2+ 21. Ne2 Qxe3+ 22. Ke1 Qe6 23. Qc2 Bd4 24. Kd1 Be3 25. Ke1 0-0-0 26. Bd2 Rdh8 27. b4 Rxe2+ 28. Kxe2 Rh2+ 29. Kd1 Bxd2 30. Qxd2 Ne3+ 31. Kc1 Rxd2 32. Kxd2 Nxf1+ 33. Rxf1 cxb4 34. Re1 Qf6 35. Re4 Qb2+ 36. Ke3 Qxa2 37. Rxe7 b3 38. Rxf7 b2 39. Rf8+ Kc7 40. Rf7+ Kc6 0-1

[Event "GRE-ch U18 Girls"]
[Site "Athens"]
[Date "2024.01.06"]
[Round "7"]
[White "Christodoulou, Georgia"]
[Black "Alexandri, Dimitra"]
[Result "1/2-1/2"]
[WhiteElo "1583"]
[BlackElo "1845"]
[PlyCount "66"]
[EventDate "2024.01.02"]
[EventType "swiss"]
[EventRounds "9"]
[EventCountry "GRE"]
[SourceTitle "EXT 2025"]
[Source "ChessBase"]
[SourceDate "2024.10.14"]
[SourceVersion "1"]
[SourceVersionDate "2024.10.14"]
[SourceQuality "1"]
[WhiteTeam "Griechenland"]
[BlackTeam "Griechenland"]
[WhiteTeamCountry "GRE"]
[BlackTeamCountry "GRE"]

1. e4 e5 2. Nf3 Nc6 3. Bb5 a6 4. Bxc6 dxc6 5. d4 exd4 6. Qxd4 Qxd4 7. Nxd4 Bd7 8. Be3 0-0-0 9. Nc3 g6 10. 0-0-0 Bg7 11. Nde2 Ne7 12. Bd4 f6 13. Nf4 b6 14. Nce2 Rhe8 15. f3 Ng8 16. c4 c5 17. Bc3 Bh6 18. Kc2 c6 19. Rd6 Bf8 20. Rd3 Kc7 21. Rhd1 a5 22. a4 Bg7 23. h4 Nh6 24. g4 Nf7 25. Ng3 Ne5 26. Bxe5+ fxe5 27. Nfe2 Be6 28. b3 Rxd3 29. Rxd3 Rd8 30. h5 Rxd3 31. Kxd3 Bh6 32. hxg6 hxg6 33. Nf1 Kd6 1/2-1/2

[Event "Skopje op-A"]
[Site "Skopje"]
[Date "2023.12.11"]
[Round "8"]
[White "Alexandri, Dimitra"]
[Black "Cirkovic, Vuk"]
[Result "1-0"]
[WhiteElo "1908"]
[BlackElo "1748"]
[PlyCount "49"]
[EventDate "2023.12.06"]
[EventType "swiss"]
[EventRounds "9"]
[EventCountry "MKD"]
[SourceTitle "EXT 2025"]
[Source "ChessBase"]
[SourceDate "2024.10.14"]
[SourceVersion "1"]
[SourceVersionDate "2024.10.14"]
[SourceQuality "1"]

1. d4 Nf6 2. c4 g6 3. Nc3 Bg7 4. e4 d6 5. Nf3 0-0 6. Be2 e5 7. d5 a5 8. Bg5 Na6 9. Nd2 Qe8 10. a3 h6 11. Be3 Nd7 12. b4 f5 13. f3 Kh7 14. 0-0 f4 15. Bf2 g5 16. c5 Nf6 17. cxd6 cxd6 18. Nc4 Qe7 19. Nb5 Ne8 20. Nxa5 h5 21. Na7 g4 22. Nxc8 Qg5 23. fxg4 Rxc8 24. h4 Qe7 25. g5 1-0